Statistics for MLS Golden Boot Winners by year

Click here to take the quiz!

General Stats

  • This quiz has been taken 8 times
  • The average score is 6 of 17

Answer Stats

YearPlayerGoals% Correct
2018Josef Martínez31
100%
2019Carlos Vela34
80%
2012Chris Wondolowski27
60%
2010Chris Wondolowski18
60%
2008Landon Donovan20
60%
2016Bradley Wright-Phillips24
40%
2014Bradley Wright-Phillips27
40%
2015Sebastian Giovinco22
40%
2005Taylor Twellman17
40%
2021Valentín Castellanos19
40%
2020Diego Rossi14
20%
2011Dwayne De Rosario16
20%
2009Jeff Cunningham17
20%
2006Jeff Cunningham16
20%
2013Camilo Sanvezzo22
0%
2007Luciano Emilio20
0%
2017Nemanja Nikolić24
0%

Score Distribution

Percentile by Number Answered

Percent of People with Each Score

Your Score History

You have not taken this quiz